000 00516nam a22001817a 4500
005 20231113070530.0
008 231113b |||||||| |||| 00| 0 eng d
020 _a0628012292
041 _aEnglish
082 _a345.7 RAB
100 _aRabie, A
_lEnglish
245 _aTheories of Punishment /
_cA Rabie
250 _aFirst Edition
260 _aJohannesburg :
_bPerskor Publishers,
_c1977
300 _b51 pages ;
_c22 cm.
650 _aLegal practice
_bLaw
942 _cBK
_6ALISON_BN_VRIES
999 _c541
_d541